| 000 | 00348nam a2200109Ia 4500 | ||
|---|---|---|---|
| 008 | 171211s9999 xx 000 0 und d | ||
| 245 | _aBackyard Water Gardens: How to Build, Plant & Maintain Ponds, Streams & Fountains | ||
| 245 | _cVeronica L. Fowler | ||
| 260 | _c2013 | ||
| 650 | _xHobbies | ||
| 856 | _uhttp://down.ebook777.com/063/1591865530.pdf | ||
| 999 |
_c350339 _d350339 |
||